|
|
|
|
| LEADER |
00000nam a22000007a 4500 |
| 005 |
20151110100233.0 |
| 007 |
cr|||| ||u| |
| 008 |
151110s19912014-usun|pos|||| 0|||a1eng d |
| 022 |
|
|
|a 0364-9156
|
| 035 |
|
|
|a 2870
|
| 040 |
|
|
|a vLex
|
| 090 |
|
|
|c 5694
|d 5694
|
| 245 |
1 |
0 |
|a Directors & Boards
|h [Recurso electrn̤ico] /
|c Directors and Boards
|
| 256 |
|
|
|a Servicio en ln̕ea
|
| 260 |
|
|
|a Estados Unidos
|b Directors and Boards
|c 1991-2014
|
| 300 |
|
|
|a 1 recurso electrn̤ico
|
| 506 |
1 |
|
|a Contenido solo disponible en los productos indicados
|d vLex Global
|d vLex Global (Academic Edition, excluding Law Schools)
|d vLex Global (U.S. Academic Edition, Law Schools)
|d vLex Global (U.S. Academic Edition, excluding Law Schools)
|d vLex Global (Academic Edition, Law Schools)
|
| 650 |
0 |
4 |
|a Directivos
|z Estados Unidos
|
| 740 |
0 |
|
|a vLex revista (servicio en ln̕ea)
|
| 856 |
4 |
0 |
|u http://vlex.com/source/directors-boards-2870
|z Acceso restringido
|
| 942 |
|
|
|c REV
|
| 999 |
0 |
|
|a Executives
|